Harold Frederick

Gardado en:
Detalles Bibliográficos
Autor Principal: Garner, Stanton
Formato: Libro
Idioma:Undetermined
Publicado: Minneapolis, Estados Unidos University of Minnesota Press 1969
Materias:
Etiquetas: Engadir etiqueta
Sen Etiquetas, Sexa o primeiro en etiquetar este rexistro!

MARC

LEADER 00000nam a2200000Ia 4500
008 170316s9999 xx 000 0 und d
040 |a cru BVZT 
090 |a 810 G-9h 
100 |a Garner, Stanton 
245 |a Harold Frederick 
260 |a Minneapolis, Estados Unidos 
260 |b University of Minnesota Press 
260 |c 1969 
300 |a 48 páginas 
650 |a LITERATURA ESTADOUNIDENSE 
999 |c 5692  |d 5692 
942 |c 15 D  |h 810 G-9h  |2 z